000 00439nam a2200157Ia 4500
008 210210b1978 xxu||||| |||| 00| 0 eng d
020 _a0 906216 09 5
082 _a510.2433 METM
100 _aMETWALLY (Mokhtar M).
245 _aMathematical formulation of microeconomics.
260 _aLondon
_bJ K Publishers
_c1978
300 _a414
650 _aMicroeconomics Mathematical formulation
690 _aEconometrics
906 _a034989
999 _c85868
_d85868